Beitrag zur Berechnung von Vorgängen der Blechumformung mit der Methode der Finiten Elemente /

Saved in:
Bibliographic Details
Main Author: Herrmann, Martin (Author)
Format: Book
Language:German
Published: Berlin : Springer Verlag, 1991
Tags: Add Tag
No Tags, Be the first to tag this record!

MARC

LEADER 00000nam a22000003a 4500
001 stu31627
005 20150617225736.8
008 940304s1991----gw------------------ger-d
020 |a 3-540-53812-7 
040 |a STU  |b slo 
041 0 |a ger 
044 |a gw 
080 |a 621.77 
080 |a 517.93 
100 1 |a Herrmann, Martin  |4 aut 
245 1 |a Beitrag zur Berechnung von Vorgängen der Blechumformung mit der Methode der Finiten Elemente /  |c [aut.] Herrmann,Martin 
260 |a Berlin :  |b Springer Verlag,  |c 1991 
300 |a 125 s 
996 |b J90511  |c J*90511  |l JJST  |s P  |a 0  |w stu31627_0001